[Event "Elite Hotels Open 2025"]
[Site "Elite Stadshotellet, Växjö, Sweden"]
[Date "2025.02.07"]
[Round "4.16"]
[White "Eklund, Joel"]
[Black "KHASCHULUU, Sergelenbaatar"]
[Result "1-0"]
[TimeControl "R1-4: 15 min + 5 sek, R5-8: 90 min + 30 sek"]
[WhiteElo "2205"]
[BlackElo "1975"]

1. d4 {[%clk 00:15:08]} {[%emt 00:00:02]} d5 {[%clk 00:15:08]} {[%emt
00:00:02]} 2. Bg5 {[%clk 00:15:11]} {[%emt 00:00:02]} c5 {[%clk 00:14:55]}
{[%emt 00:00:18]} 3. dxc5 {[%clk 00:15:13]} {[%emt 00:00:03]} f6 {[%clk
00:14:11]} {[%emt 00:00:49]} 4. Bh4 {[%clk 00:15:16]} {[%emt 00:00:02]} e5
{[%clk 00:14:13]} {[%emt 00:00:03]} 5. e4 {[%clk 00:15:19]} {[%emt 00:00:02]}
dxe4 {[%clk 00:13:45]} {[%emt 00:00:33]} 6. Qxd8+ {[%clk 00:15:19]} {[%emt
00:00:05]} Kxd8 {[%clk 00:13:49]} {[%emt 00:00:01]} 7. Nd2 {[%clk 00:14:42]}
{[%emt 00:00:42]} Bf5 {[%clk 00:12:18]} {[%emt 00:01:36]} 8. O-O-O {[%clk
00:14:25]} {[%emt 00:00:22]} Kc7 {[%clk 00:12:21]} {[%emt 00:00:02]} 9. Ne2
{[%clk 00:13:47]} {[%emt 00:00:43]} g5 {[%clk 00:12:01]} {[%emt 00:00:25]} 10.
Bg3 {[%clk 00:13:50]} {[%emt 00:00:02]} Bxc5 {[%clk 00:12:00]} {[%emt
00:00:06]} 11. Nc3 {[%clk 00:13:13]} {[%emt 00:00:41]} Nc6 {[%clk 00:08:56]}
{[%emt 00:03:09]} 12. Ndxe4 {[%clk 00:13:14]} {[%emt 00:00:05]} Bxe4 {[%clk
00:08:27]} {[%emt 00:00:33]} 13. Nxe4 {[%clk 00:13:18]} Be7 {[%clk 00:08:16]}
{[%emt 00:00:16]} 14. h4 {[%clk 00:13:07]} {[%emt 00:00:16]} g4 {[%clk
00:07:33]} {[%emt 00:00:48]} 15. Nc3 {[%clk 00:11:32]} {[%emt 00:01:40]} Nd4
{[%clk 00:06:35]} {[%emt 00:01:04]} 16. Rxd4 {[%clk 00:11:10]} {[%emt
00:00:27]} 1-0

[Event "Elite Hotels Open 2025"]
[Site "Elite Stadshotellet, Växjö, Sweden"]
[Date "2025.02.07"]
[Round "4.17"]
[White "Ekberg, Karl"]
[Black "Walinder, Lars"]
[Result "1-0"]
[TimeControl "R1-4: 15 min + 5 sek, R5-8: 90 min + 30 sek"]
[BlackTitle "FM"]
[WhiteElo "1965"]
[BlackElo "2203"]

1. c4 {[%clk 00:15:07]} {[%emt 00:00:02]} e5 {[%clk 00:15:07]} {[%emt
00:00:03]} 2. g3 {[%clk 00:15:10]} {[%emt 00:00:02]} Nf6 {[%clk 00:14:49]}
{[%emt 00:00:23]} 3. Bg2 {[%clk 00:15:13]} {[%emt 00:00:03]} d5 {[%clk
00:14:31]} {[%emt 00:00:24]} 4. cxd5 Nxd5 {[%clk 00:14:34]} 5. Nc3 {[%clk
00:15:17]} {[%emt 00:00:02]} Nb6 {[%clk 00:14:26]} {[%emt 00:00:13]} 6. Nf3
{[%clk 00:15:14]} {[%emt 00:00:07]} Nc6 {[%clk 00:14:28]} {[%emt 00:00:04]} 7.
O-O {[%clk 00:15:00]} {[%emt 00:00:19]} Be7 {[%clk 00:14:31]} {[%emt 00:00:03]}
8. Rb1 {[%clk 00:14:06]} {[%emt 00:00:58]} O-O {[%clk 00:14:03]} {[%emt
00:00:33]} 9. a3 {[%clk 00:14:05]} {[%emt 00:00:06]} Be6 {[%clk 00:13:23]}
{[%emt 00:00:44]} 10. b4 {[%clk 00:13:50]} {[%emt 00:00:21]} f6 {[%clk
00:11:34]} {[%emt 00:01:54]} 11. b5 {[%clk 00:12:31]} {[%emt 00:01:24]} Nd4
{[%clk 00:11:19]} {[%emt 00:00:19]} 12. Ne1 {[%clk 00:12:18]} {[%emt 00:00:18]}
Rb8 {[%clk 00:10:54]} {[%emt 00:00:31]} 13. e3 {[%clk 00:12:06]} {[%emt
00:00:18]} Nf5 {[%clk 00:10:50]} {[%emt 00:00:08]} 14. d3 {[%clk 00:11:21]}
{[%emt 00:00:50]} Qd7 {[%clk 00:10:49]} {[%emt 00:00:05]} 15. a4 {[%clk
00:10:58]} {[%emt 00:00:29]} Rfd8 {[%clk 00:08:51]} {[%emt 00:02:03]} 16. Qe2
{[%clk 00:10:11]} {[%emt 00:00:52]} Nd5 {[%clk 00:07:15]} {[%emt 00:01:41]} 17.
Ne4 {[%clk 00:08:57]} {[%emt 00:01:18]} b6 {[%clk 00:04:23]} {[%emt 00:02:57]}
18. Bd2 {[%clk 00:06:41]} {[%emt 00:02:22]} c5 {[%clk 00:03:32]} {[%emt
00:00:57]} 19. f4 {[%clk 00:06:18]} {[%emt 00:00:27]} Nb4 {[%clk 00:02:55]}
{[%emt 00:00:42]} 20. g4 {[%clk 00:03:49]} {[%emt 00:02:34]} Nh4 {[%clk
00:02:13]} {[%emt 00:00:47]} 21. f5 {[%clk 00:03:53]} {[%emt 00:00:02]} Ba2
{[%clk 00:01:56]} {[%emt 00:00:22]} 22. Rb2 {[%clk 00:01:58]} {[%emt 00:01:59]}
Nxg2 {[%clk 00:01:44]} {[%emt 00:00:17]} 23. Qxg2 {[%clk 00:01:34]} {[%emt
00:00:29]} Bf7 {[%clk 00:01:38]} {[%emt 00:00:12]} 24. Bxb4 {[%clk 00:01:19]}
{[%emt 00:00:19]} cxb4 {[%clk 00:01:42]} {[%emt 00:00:02]} 25. g5 {[%clk
00:01:08]} {[%emt 00:00:15]} fxg5 {[%clk 00:01:10]} {[%emt 00:00:37]} 26. f6
{[%clk 00:00:45]} {[%emt 00:00:29]} gxf6 {[%clk 00:01:10]} {[%emt 00:00:05]} 27.
Nxf6+ {[%clk 00:00:45]} {[%emt 00:00:04]} Bxf6 {[%clk 00:01:13]} {[%emt
00:00:02]} 28. Rxf6 {[%clk 00:00:46]} {[%emt 00:00:04]} Bg6 {[%clk 00:00:42]}
{[%emt 00:00:36]} 29. Qxg5 {[%clk 00:00:27]} {[%emt 00:00:24]} Qg7 {[%clk
00:00:29]} {[%emt 00:00:18]} 30. Rg2 {[%clk 00:00:15]} {[%emt 00:00:16]} b3
{[%clk 00:00:26]} {[%emt 00:00:09]} 31. h4 {[%clk 00:00:15]} {[%emt 00:00:05]}
Rf8 {[%clk 00:00:13]} {[%emt 00:00:18]} 32. Rxf8+ {[%clk 00:00:09]} {[%emt
00:00:11]} Rxf8 {[%clk 00:00:18]} 33. h5 {[%clk 00:00:08]} {[%emt 00:00:07]}
Rf5 {[%clk 00:00:21]} 34. Qd8+ {[%clk 00:00:10]} {[%emt 00:00:03]} Rf8 {[%clk
00:00:13]} {[%emt 00:00:13]} 35. Qd5+ {[%clk 00:00:14]} {[%emt 00:00:02]} Qf7
{[%clk 00:00:17]} 36. Qxf7+ {[%clk 00:00:14]} {[%emt 00:00:04]} Kxf7 {[%clk
00:00:21]} {[%emt 00:00:02]} 37. hxg6+ {[%clk 00:00:16]} {[%emt 00:00:02]} hxg6
{[%clk 00:00:25]} {[%emt 00:00:01]} 38. Rb2 {[%clk 00:00:19]} {[%emt 00:00:02]}
Ke6 {[%clk 00:00:27]} {[%emt 00:00:03]} 39. Rxb3 {[%clk 00:00:21]} {[%emt
00:00:04]} Rc8 {[%clk 00:00:31]} 40. Kf2 {[%clk 00:00:23]} {[%emt 00:00:02]}
Rc1 {[%clk 00:00:36]} 41. Nf3 {[%clk 00:00:24]} {[%emt 00:00:04]} Ra1 {[%clk
00:00:37]} {[%emt 00:00:04]} 42. Rb4 {[%clk 00:00:22]} {[%emt 00:00:07]} Kf5
{[%clk 00:00:41]} {[%emt 00:00:01]} 43. Re4 {[%clk 00:00:21]} {[%emt 00:00:06]}
Kf6 {[%clk 00:00:44]} {[%emt 00:00:02]} 44. Nxe5 {[%clk 00:00:21]} {[%emt
00:00:05]} 1-0

[Event "Elite Hotels Open 2025"]
[Site "Elite Stadshotellet, Växjö, Sweden"]
[Date "2025.02.08"]
[Round "5.1"]
[White "Kucuksari, Kaan"]
[Black "Hald Falkesgaard, Jeppe"]
[Result "0-1"]
[TimeControl "R1-4: 15 min + 5 sek, R5-8: 90 min + 30 sek"]
[WhiteTitle "IM"]
[BlackTitle "FM"]
[WhiteElo "2463"]
[BlackElo "2347"]

1. e4 {[%clk 01:30:58]} {[%emt 00:00:02]} c5 {[%clk 01:30:19]} {[%emt
00:00:40]} 2. Nf3 {[%clk 01:31:20]} {[%emt 00:00:10]} e6 {[%clk 01:30:28]}
{[%emt 00:00:19]} 3. d4 {[%clk 01:31:42]} {[%emt 00:00:10]} cxd4 {[%clk
01:30:53]} {[%emt 00:00:05]} 4. Nxd4 {[%clk 01:32:05]} {[%emt 00:00:08]} Nc6
{[%clk 01:31:17]} {[%emt 00:00:05]} 5. Nc3 {[%clk 01:32:19]} {[%emt 00:00:15]}
Qc7 {[%clk 01:31:33]} {[%emt 00:00:14]} 6. Be3 {[%clk 01:32:33]} {[%emt
00:00:16]} a6 {[%clk 01:31:49]} {[%emt 00:00:15]} 7. Qf3 {[%clk 01:31:24]}
{[%emt 00:01:38]} Ne5 {[%clk 01:31:30]} {[%emt 00:00:50]} 8. Qg3 {[%clk
01:30:40]} {[%emt 00:01:15]} h5 {[%clk 01:31:48]} {[%emt 00:00:11]} 9. f4
{[%clk 01:25:44]} {[%emt 00:05:26]} h4 {[%clk 01:32:09]} {[%emt 00:00:08]} 10.
Qh3 {[%clk 01:26:04]} {[%emt 00:00:10]} Nc4 {[%clk 01:32:15]} {[%emt 00:00:25]}
11. Bxc4 {[%clk 01:22:19]} {[%emt 00:04:15]} Qxc4 {[%clk 01:32:34]} {[%emt
00:00:10]} 12. O-O-O {[%clk 01:22:44]} {[%emt 00:00:05]} b5 {[%clk 01:32:01]}
{[%emt 00:01:03]} 13. Kb1 {[%clk 01:18:12]} {[%emt 00:05:03]} Bb7 {[%clk
01:26:47]} {[%emt 00:05:44]} 14. Nb3 {[%clk 01:16:48]} {[%emt 00:01:54]} a5
{[%clk 01:21:25]} {[%emt 00:05:51]} 15. Nd2 {[%clk 01:12:20]} {[%emt 00:04:59]}
Qc6 {[%clk 01:19:58]} {[%emt 00:01:57]} 16. Nf3 {[%clk 01:12:38]} {[%emt
00:00:11]} Nf6 {[%clk 01:15:55]} {[%emt 00:04:33]} 17. Rhe1 {[%clk 00:45:39]}
{[%emt 00:27:29]} Nxe4 {[%clk 00:57:43]} {[%emt 00:18:42]} 18. Nxe4 {[%clk
00:40:48]} {[%emt 00:05:22]} Qxe4 {[%clk 00:58:05]} {[%emt 00:00:07]} 19. Bc5
{[%clk 00:33:14]} {[%emt 00:08:04]} Qxf4 {[%clk 00:55:51]} {[%emt 00:02:44]} 20.
Bxf8 {[%clk 00:33:38]} {[%emt 00:00:07]} Rxf8 {[%clk 00:53:07]} {[%emt
00:03:13]} 21. Ne5 {[%clk 00:23:31]} {[%emt 00:10:38]} Rd8 {[%clk 00:26:21]}
{[%emt 00:27:15]} 22. Qc3 {[%clk 00:23:57]} {[%emt 00:00:05]} f6 {[%clk
00:16:59]} {[%emt 00:09:52]} 23. Ng6 {[%clk 00:23:51]} {[%emt 00:00:36]} Qc4
{[%clk 00:17:19]} {[%emt 00:00:10]} 24. Qxc4 {[%clk 00:20:42]} {[%emt
00:03:39]} bxc4 {[%clk 00:17:42]} {[%emt 00:00:07]} 25. Nxf8 {[%clk 00:21:07]}
{[%emt 00:00:04]} Kxf8 {[%clk 00:18:03]} {[%emt 00:00:10]} 26. Rxe6 {[%clk
00:20:02]} {[%emt 00:01:35]} Bxg2 {[%clk 00:18:06]} {[%emt 00:00:26]} 27. Red6
{[%clk 00:18:09]} {[%emt 00:02:24]} Ke7 {[%clk 00:13:51]} {[%emt 00:04:45]} 28.
R6d4 {[%clk 00:18:31]} {[%emt 00:00:08]} g5 {[%clk 00:12:58]} {[%emt 00:01:22]}
29. Rxc4 {[%clk 00:18:45]} {[%emt 00:00:17]} f5 {[%clk 00:11:36]} {[%emt
00:01:52]} 30. Kc1 {[%clk 00:14:04]} {[%emt 00:05:11]} f4 {[%clk 00:09:03]}
{[%emt 00:03:02]} 31. Kd2 {[%clk 00:09:41]} {[%emt 00:04:54]} Kf6 {[%clk
00:08:13]} {[%emt 00:01:20]} 32. Ke2 {[%clk 00:09:23]} {[%emt 00:00:47]} d5
{[%clk 00:07:13]} {[%emt 00:01:31]} 33. Kf2 {[%clk 00:09:04]} {[%emt 00:00:49]}
h3 {[%clk 00:07:22]} {[%emt 00:00:21]} 34. Rcd4 {[%clk 00:02:45]} {[%emt
00:06:49]} Rc8 {[%clk 00:07:08]} {[%emt 00:00:44]} 35. c4 {[%clk 00:02:54]}
{[%emt 00:00:20]} dxc4 {[%clk 00:06:30]} {[%emt 00:01:09]} 36. Rd8 {[%clk
00:02:26]} {[%emt 00:00:58]} Rc5 {[%clk 00:06:05]} {[%emt 00:00:55]} 37. Rf8+
{[%clk 00:02:48]} {[%emt 00:00:08]} Kg6 {[%clk 00:05:44]} {[%emt 00:00:50]} 38.
a4 {[%clk 00:01:00]} {[%emt 00:02:19]} c3 {[%clk 00:05:30]} {[%emt 00:00:44]}
39. bxc3 {[%clk 00:00:44]} {[%emt 00:00:46]} Rxc3 {[%clk 00:05:56]} {[%emt
00:00:04]} 40. Rd6+ {[%clk 00:01:01]} {[%emt 00:00:13]} Kh5 {[%clk 00:06:02]}
{[%emt 00:00:23]} 41. Rf5 {[%clk 00:01:30]} {[%emt 00:00:02]} Rc2+ {[%clk
00:06:04]} {[%emt 00:00:28]} 42. Ke1 {[%clk 00:01:58]} {[%emt 00:00:02]} Bf3
{[%clk 00:04:59]} {[%emt 00:01:35]} 43. Rd2 {[%clk 00:01:21]} {[%emt 00:01:07]}
Rc1+ {[%clk 00:05:23]} {[%emt 00:00:07]} 44. Kf2 {[%clk 00:01:48]} Kg4 {[%clk
00:01:51]} {[%emt 00:04:02]} 45. Rxa5 {[%clk 00:02:05]} {[%emt 00:00:14]} Bg2
{[%clk 00:01:45]} {[%emt 00:00:36]} 46. Re5 {[%clk 00:01:05]} {[%emt 00:01:30]}
Rf1+ {[%clk 00:01:32]} {[%emt 00:00:42]} 47. Ke2 {[%clk 00:01:33]} {[%emt
00:00:04]} Rh1 {[%clk 00:01:43]} {[%emt 00:00:18]} 48. Kd3 {[%clk 00:01:52]}
{[%emt 00:00:11]} Rxh2 {[%clk 00:01:44]} {[%emt 00:00:29]} 49. Re1 {[%clk
00:01:50]} {[%emt 00:00:32]} Rh1 {[%clk 00:01:53]} {[%emt 00:00:22]} 50. Rxh1
{[%clk 00:02:10]} {[%emt 00:00:09]} Bxh1 {[%clk 00:02:17]} {[%emt 00:00:06]} 51.
Ke2 {[%clk 00:01:16]} {[%emt 00:01:23]} Bc6 {[%clk 00:02:09]} {[%emt 00:00:38]}
52. Kf1 {[%clk 00:01:37]} {[%emt 00:00:10]} Bxa4 {[%clk 00:02:19]} {[%emt
00:00:20]} 53. Kg1 {[%clk 00:02:04]} {[%emt 00:00:03]} Kg3 {[%clk 00:02:04]}
{[%emt 00:00:45]} 54. Rg2+ {[%clk 00:02:32]} {[%emt 00:00:02]} Kh4 {[%clk
00:02:19]} {[%emt 00:00:15]} 55. Ra2 {[%clk 00:02:46]} {[%emt 00:00:16]} Bd1
{[%clk 00:02:06]} {[%emt 00:00:43]} 56. Rd2 {[%clk 00:02:53]} {[%emt 00:00:23]}
Bf3 {[%clk 00:01:22]} {[%emt 00:01:14]} 57. Rd3 {[%clk 00:02:22]} {[%emt
00:01:00]} Kg3 {[%clk 00:01:07]} {[%emt 00:00:46]} 58. Rd2 {[%clk 00:02:50]}
{[%emt 00:00:02]} g4 {[%clk 00:01:14]} {[%emt 00:00:22]} 59. Rb2 {[%clk
00:02:44]} {[%emt 00:00:36]} Be4 {[%clk 00:00:54]} {[%emt 00:00:50]} 60. Re2
{[%clk 00:03:04]} {[%emt 00:00:10]} Bf5 {[%clk 00:00:47]} {[%emt 00:00:38]} 61.
Re5 {[%clk 00:01:53]} {[%emt 00:01:41]} Bd7 {[%clk 00:00:49]} {[%emt 00:00:28]}
62. Re2 {[%clk 00:01:30]} {[%emt 00:00:53]} f3 {[%clk 00:01:00]} {[%emt
00:00:19]} 63. Rc2 {[%clk 00:01:53]} {[%emt 00:00:06]} Bb5 {[%clk 00:01:14]}
{[%emt 00:00:16]} 64. Rg2+ {[%clk 00:02:03]} {[%emt 00:00:19]} Kf4 {[%clk
00:01:17]} {[%emt 00:00:28]} 65. Rb2 {[%clk 00:02:30]} {[%emt 00:00:04]} Be2
{[%clk 00:01:24]} {[%emt 00:00:23]} 66. Kh2 {[%clk 00:02:28]} {[%emt 00:00:32]}
g3+ {[%clk 00:01:13]} {[%emt 00:00:41]} 67. Kxh3 {[%clk 00:02:50]} {[%emt
00:00:07]} Bf1+ {[%clk 00:01:38]} {[%emt 00:00:05]} 68. Kh4 {[%clk 00:03:17]}
{[%emt 00:00:04]} g2 {[%clk 00:02:01]} {[%emt 00:00:07]} 0-1

[Event "Elite Hotels Open 2025"]
[Site "Elite Stadshotellet, Växjö, Sweden"]
[Date "2025.02.08"]
[Round "5.2"]
[White "Ostlund, Joar"]
[Black "Trost, Edvin"]
[Result "1/2-1/2"]
[TimeControl "R1-4: 15 min + 5 sek, R5-8: 90 min + 30 sek"]
[WhiteTitle "FM"]
[BlackTitle "IM"]
[WhiteElo "2312"]
[BlackElo "2462"]

1. d4 {[%clk 01:30:56]} {[%emt 00:00:03]} Nf6 {[%clk 01:30:35]} {[%emt
00:00:25]} 2. c4 {[%clk 01:31:10]} {[%emt 00:00:16]} e6 {[%clk 01:30:41]}
{[%emt 00:00:25]} 3. Nf3 {[%clk 01:31:17]} {[%emt 00:00:23]} d5 {[%clk
01:31:05]} {[%emt 00:00:06]} 4. Nc3 {[%clk 01:31:13]} {[%emt 00:00:34]} Bb4
{[%clk 01:31:22]} {[%emt 00:00:12]} 5. Bg5 {[%clk 01:30:06]} {[%emt 00:01:37]}
h6 {[%clk 01:30:33]} {[%emt 00:01:20]} 6. Bxf6 {[%clk 01:30:24]} {[%emt
00:00:12]} Qxf6 {[%clk 01:30:55]} {[%emt 00:00:07]} 7. e3 {[%clk 01:30:07]}
{[%emt 00:00:48]} O-O {[%clk 01:31:17]} {[%emt 00:00:08]} 8. Qb3 {[%clk
01:27:17]} {[%emt 00:03:20]} c5 {[%clk 01:28:59]} {[%emt 00:02:48]} 9. cxd5
{[%clk 01:26:21]} {[%emt 00:01:25]} exd5 {[%clk 01:29:18]} {[%emt 00:00:11]} 10.
dxc5 {[%clk 01:26:10]} {[%emt 00:00:41]} Bxc3+ {[%clk 01:29:22]} {[%emt
00:00:27]} 11. Qxc3 {[%clk 01:26:22]} {[%emt 00:00:17]} Qxc3+ {[%clk 01:29:46]}
{[%emt 00:00:07]} 12. bxc3 {[%clk 01:26:43]} {[%emt 00:00:09]} Nd7 {[%clk
01:30:12]} {[%emt 00:00:03]} 13. Rd1 {[%clk 01:26:34]} {[%emt 00:00:39]} Nf6
{[%clk 01:29:50]} {[%emt 00:00:52]} 14. Nd4 {[%clk 01:23:03]} {[%emt 00:04:02]}
Bd7 {[%clk 01:26:42]} {[%emt 00:03:38]} 15. Nb3 {[%clk 01:00:19]} {[%emt
00:23:14]} Rfc8 {[%clk 01:23:02]} {[%emt 00:04:10]} 16. Bd3 {[%clk 00:51:17]}
{[%emt 00:09:31]} Ba4 {[%clk 01:22:44]} {[%emt 00:00:49]} 17. f3 {[%clk
00:50:10]} {[%emt 00:01:36]} Bxb3 {[%clk 01:22:41]} {[%emt 00:00:34]} 18. axb3
{[%clk 00:50:33]} {[%emt 00:00:06]} Rxc5 {[%clk 01:23:06]} {[%emt 00:00:06]} 19.
Kd2 {[%clk 00:50:26]} {[%emt 00:00:36]} Rac8 {[%clk 01:09:42]} {[%emt
00:13:54]} 20. Rc1 {[%clk 00:50:03]} {[%emt 00:00:53]} h5 {[%clk 01:03:03]}
{[%emt 00:07:09]} 21. Rc2 {[%clk 00:46:56]} {[%emt 00:03:38]} Kf8 {[%clk
00:57:52]} {[%emt 00:05:41]} 22. Ra1 {[%clk 00:45:29]} {[%emt 00:01:56]} a6
{[%clk 00:58:13]} {[%emt 00:00:10]} 23. Ra4 {[%clk 00:44:58]} {[%emt 00:01:01]}
Ke7 {[%clk 00:53:52]} {[%emt 00:04:51]} 24. Rc1 {[%clk 00:43:20]} {[%emt
00:02:08]} R8c7 {[%clk 00:51:00]} {[%emt 00:03:22]} 25. Rd4 {[%clk 00:33:32]}
{[%emt 00:10:18]} Ra5 {[%clk 00:44:27]} {[%emt 00:07:03]} 26. Bb1 {[%clk
00:32:02]} {[%emt 00:01:59]} Rc6 {[%clk 00:35:49]} {[%emt 00:09:07]} 27. Rc2
{[%clk 00:25:57]} {[%emt 00:06:36]} Rb5 {[%clk 00:28:38]} {[%emt 00:07:40]}
1/2-1/2

[Event "Elite Hotels Open 2025"]
[Site "Elite Stadshotellet, Växjö, Sweden"]
[Date "2025.02.08"]
[Round "5.3"]
[White "Ernst, Thomas"]
[Black "Falkevall, Axel"]
[Result "0-1"]
[TimeControl "R1-4: 15 min + 5 sek, R5-8: 90 min + 30 sek"]
[WhiteTitle "GM"]
[BlackTitle "FM"]
[WhiteElo "2299"]
[BlackElo "2401"]

1. e4 {[%clk 01:30:57]} {[%emt 00:00:03]} e5 {[%clk 01:30:54]} {[%emt
00:00:05]} 2. Nf3 {[%clk 01:31:20]} {[%emt 00:00:08]} Nc6 {[%clk 01:31:20]}
{[%emt 00:00:04]} 3. Bb5 {[%clk 01:31:42]} {[%emt 00:00:09]} a6 {[%clk
01:31:45]} {[%emt 00:00:05]} 4. Ba4 {[%clk 01:32:05]} {[%emt 00:00:07]} Nf6
{[%clk 01:32:09]} {[%emt 00:00:05]} 5. O-O {[%clk 01:32:23]} {[%emt 00:00:11]}
d6 {[%clk 01:32:21]} {[%emt 00:00:18]} 6. c3 {[%clk 01:32:34]} {[%emt
00:00:19]} Bd7 {[%clk 01:32:41]} {[%emt 00:00:11]} 7. Re1 {[%clk 01:32:47]}
{[%emt 00:00:17]} g6 {[%clk 01:33:06]} {[%emt 00:00:04]} 8. d4 {[%clk
01:32:42]} {[%emt 00:00:36]} Bg7 {[%clk 01:33:32]} {[%emt 00:00:05]} 9. Nbd2
{[%clk 01:31:54]} {[%emt 00:01:18]} O-O {[%clk 01:33:28]} {[%emt 00:00:33]} 10.
Nf1 {[%clk 01:31:59]} {[%emt 00:00:25]} exd4 {[%clk 01:31:12]} {[%emt
00:02:47]} 11. cxd4 {[%clk 01:32:00]} {[%emt 00:00:29]} b5 {[%clk 01:30:50]}
{[%emt 00:00:52]} 12. Bc2 {[%clk 01:27:11]} {[%emt 00:05:19]} Bg4 {[%clk
01:29:49]} {[%emt 00:01:30]} 13. Be3 {[%clk 01:26:26]} {[%emt 00:01:15]} Nh5
{[%clk 01:27:16]} {[%emt 00:03:02]} 14. Rc1 {[%clk 01:15:20]} {[%emt 00:11:37]}
Bxf3 {[%clk 01:23:14]} {[%emt 00:04:32]} 15. gxf3 {[%clk 01:15:45]} {[%emt
00:00:06]} Qh4 {[%clk 00:52:44]} {[%emt 00:31:00]} 16. Bb3 {[%clk 01:08:33]}
{[%emt 00:07:41]} Nd8 {[%clk 00:48:48]} {[%emt 00:04:26]} 17. Rxc7 {[%clk
01:08:38]} {[%emt 00:00:26]} Ne6 {[%clk 00:48:59]} {[%emt 00:00:18]} 18. Bxe6
{[%clk 01:07:52]} {[%emt 00:01:17]} fxe6 {[%clk 00:49:26]} {[%emt 00:00:03]} 19.
Ng3 {[%clk 01:06:42]} {[%emt 00:01:39]} Nf4 {[%clk 00:48:44]} {[%emt 00:01:12]}
20. Qd2 {[%clk 00:55:38]} {[%emt 00:11:33]} g5 {[%clk 00:46:18]} {[%emt
00:02:57]} 21. Kh1 {[%clk 00:50:07]} {[%emt 00:06:00]} Rf6 {[%clk 00:25:18]}
{[%emt 00:21:31]} 22. Rg1 {[%clk 00:50:12]} {[%emt 00:00:24]} Raf8 {[%clk
00:23:39]} {[%emt 00:02:10]} 23. d5 {[%clk 00:50:13]} {[%emt 00:00:28]} Rh6
{[%clk 00:21:27]} {[%emt 00:02:43]} 24. Nf1 {[%clk 00:50:32]} {[%emt 00:00:11]}
Be5 {[%clk 00:14:43]} {[%emt 00:07:15]} 25. Rg4 {[%clk 00:33:12]} {[%emt
00:17:49]} Qh3 {[%clk 00:13:44]} {[%emt 00:01:30]} 26. Rxg5+ {[%clk 00:33:27]}
{[%emt 00:00:14]} Rg6 {[%clk 00:13:44]} {[%emt 00:00:30]} 27. Rxg6+ {[%clk
00:33:31]} {[%emt 00:00:26]} hxg6 {[%clk 00:14:08]} {[%emt 00:00:07]} 28. Bxf4
{[%clk 00:32:55]} {[%emt 00:01:05]} Qxf1# {[%clk 00:14:33]} {[%emt 00:00:04]}
0-1